Wird geladen...
The original illustrated/
| 1. Verfasser: | |
|---|---|
| Format: | Printed Book |
| Sprache: | Malayalam |
| Veröffentlicht: |
New jersey:
Castle books,
1980.
|
| LEADER | 00447nam a2200121Ia 4500 | ||
|---|---|---|---|
| 008 | 111205s9999 xx 000 0 mal d | ||
| 100 | |a Doyle,Arthur Conan | ||
| 245 | |a The original illustrated/ |c Doyle,Arthur Conan | ||
| 260 | |b Castle books, |a New jersey: |c 1980. | ||
| 300 | |a 490p. | ||
| 942 | |c BK |2 ddc | ||
| 999 | |c 204694 |d 204694 | ||
| 952 | |0 0 |1 0 |4 0 |6 R_825D1_ORI |7 0 |9 226429 |a MAL |b MAL |c REF |d 2011-12-05 |g 79.00 |l 0 |o R 825D1 ORI |p MAL17719 |r 2011-12-05 |v 79.00 |w 2018-08-20 |y REF | ||